000 004400000a22001690004500
003 MACL
005 20160103124729.0
008 160103b xxu||||| |||| 00| 0 eng d
040 _aMACL
_cMACL
041 _aEnglish
082 _a821/BRO
100 _aSmith Elder & Co
_927655
245 _aThe Poetical Works of Robert Browning
_bvol 5
260 _bSmith Elder & Co
_c1877
_aLondon
650 _aPoetry
_927656
942 _cBK
_k821/BRO
_2ddc
999 _c37269
_d37269